000 00763nam a2200241 i 4500
001 17844
003 ES-MaACL
005 20250806063120.0
007 t|
008 010605s2001 sp ||||1| spa d
020 _a84-95481-20-0
080 _a239
100 _aOrbaneja, Fernando de,
_d1924-
_9239660
245 1 0 _aLo que oculta la Iglesia
_b: el Credo a examen /
_cFernando de Orbaneja ; prólogo de Gonzalo Puente Ojea.
260 _aMadrid :
_bBrand,
_c[2001]
300 _a271 p. ;
_c21 cm.
490 1 _aCajón de sastre
650 1 4 _aCristianismo-
_vObras de controversia.
_911431
700 1 _aPuente Ojea, Gonzalo.
_994161
830 0 _aCajón de sastre
_9228749
852 _aES-MaACL
_jL-24648
_bR.129859
999 _c17844
_d17844